I Can Fix Him (No Really I Can) (Lyrics)- Taylor Swift - Statistics

General Stats
  • This quiz has been taken 22 times
  • The average score is 178 of 226
Answer Stats
Answer % Correct
his
100%
His
100%
The
100%
the
100%
a
92%
A
92%
from
92%
Texas
92%
an
83%
and
83%
And
83%
bar
83%
But
83%
can
83%
can't
83%
doesn't
83%
'em
83%
far
83%
finger
83%
fix
83%
"God
83%
good
83%
Good
83%
hand
83%
he
83%
He
83%
heads
83%
help
83%
her"
83%
he's
83%
highway
83%
him
83%
I
83%
jokes
83%
lane
83%
lift
83%
Like
83%
Lord
83%
loud
83%
man
83%
maybe
83%
me
83%
my
83%
need
83%
no
83%
No
83%
of
83%
On
83%
on
83%
only
83%
really
83%
sayin'
83%
shake
83%
six
83%
tell
83%
that
83%
their
83%
They
83%
to
83%
told
83%
too
83%
Were
83%
When
83%
you
83%
your
83%
across
75%
be
75%
boy
75%
brain
75%
cloud
75%
for
75%
had
75%
hadn't
75%
if
75%
just
75%
met
75%
out
75%
shook
75%
smoke
75%
through
75%
train
75%
yet
75%
all
67%
away
67%
billows
67%
come
67%
could
67%
dopamine
67%
I'll
67%
it
67%
mile
67%
see
67%
set
67%
show
67%
skill
67%
small
67%
so
67%
angel
58%
close
58%
dangerous
58%
didn't
58%
face
58%
freight
58%
grade
58%
halo
58%
handle
58%
Heaven
58%
highest
58%
mouth
58%
night
58%
perfect
58%
races
58%
revolting
58%
right
58%
that's
58%
town
58%
calloused
50%
Trust
50%
you'll
50%
case
42%
certain
42%
hearts
42%
traces
42%
pistol
33%
Softly
33%
Woah
25%
No matching quizzes found
Score Distribution
Percent of People with Each Score
Percentile by Number Answered
Your Score History
You have not taken this quiz